[Event "GER-ch U12"]
[Site "Willingen"]
[Date "2019.06.10"]
[Round "3"]
[White "Phan Trong, Dai"]
[Black "Werner, Florin"]
[Result "1-0"]
[WhiteElo "1657"]
[BlackElo "1288"]
[PlyCount "73"]
[EventDate "2019.06.08"]
[EventType "swiss"]
[EventRounds "9"]
[EventCountry "GER"]
[SourceTitle "CBM 191 Extra"]
[Source "ChessBase"]
[SourceDate "2019.09.30"]
[SourceVersion "1"]
[SourceVersionDate "2019.09.30"]
[SourceQuality "1"]

1. c4 e6 2. Nc3 d5 3. cxd5 exd5 4. d3 c5 5. g3 Nc6 6. Bg2 Nge7 7. Nf3 g6 8. 0-0 Bg7 9. Bf4 Bg4 10. h3 Be6 11. Ng5 0-0 12. Nxe6 fxe6 13. Qc1 Nf5 14. e4 Bxc3 15. bxc3 Ng7 16. exd5 exd5 17. Rb1 b6 18. c4 Ne7 19. Bg5 Ngf5 20. Bxd5+ Kh8 21. Qb2+ Nd4 22. Bxa8 Qxa8 23. Bxe7 Rf7 24. Bd6 Kg8 25. f4 Nf3+ 26. Kf2 Nh2 27. Qe2 Qd8 28. Be5 Re7 29. Rh1 Rd7 30. Rbd1 Qe8 31. Rxh2 Qe6 32. Qe4 Rd8 33. Kf3 a6 34. Bc7 Qxe4+ 35. Kxe4 Re8+ 36. Kd5 Kf7 37. Rdd2 1-0

[Event "GER-chT U12"]
[Site "Magdeburg"]
[Date "2018.12.28"]
[Round "4.1"]
[White "Garner, Isaac"]
[Black "Phan Trong, Dai"]
[Result "1-0"]
[WhiteElo "1852"]
[BlackElo "1659"]
[PlyCount "77"]
[EventDate "2018.12.27"]
[EventType "team-swiss"]
[EventRounds "7"]
[EventCountry "GER"]
[SourceTitle "CBM 188 Extra"]
[Source "ChessBase"]
[SourceDate "2019.02.28"]
[SourceVersion "1"]
[SourceVersionDate "2019.02.28"]
[SourceQuality "1"]
[WhiteTeam "Hamburger SK"]
[BlackTeam "Dresden Leuben"]
[WhiteTeamCountry "GER"]
[BlackTeamCountry "GER"]

1. e4 e5 2. Nf3 Nc6 3. Bc4 Bc5 4. c3 Nf6 5. d3 0-0 6. 0-0 d6 7. Nbd2 Bg4 8. h3 Be6 9. Bxe6 fxe6 10. b4 Bb6 11. Nc4 h6 12. a4 a6 13. Nxb6 cxb6 14. Be3 d5 15. exd5 Nxd5 16. Bd2 Nf4 17. Bxf4 exf4 18. Re1 Qf6 19. Qb3 Rfe8 20. Re4 Rad8 21. d4 Kh8 22. Rae1 Rd6 23. Ne5 b5 24. axb5 axb5 25. Nd3 g5 26. Nc5 Nd8 27. Re5 Qg6 28. Qa2 g4 29. h4 g3 30. h5 Qg4 31. Qe2 Qh4 32. fxg3 fxg3 33. Qf3 Qh2+ 34. Kf1 Qh4 35. R1e4 Qe7 36. Rf4 Nc6 37. Rf7 Qh4 38. Re4 Qg5 39. Rf8+ 1-0

[Event "GER-ch U12"]
[Site "Willingen"]
[Date "2018.05.20"]
[Round "2"]
[White "Tovmasyan, Minas"]
[Black "Phan Trong, Dai"]
[Result "1-0"]
[WhiteElo "1423"]
[BlackElo "1635"]
[PlyCount "111"]
[EventDate "2018.05.19"]
[EventType "swiss"]
[EventRounds "11"]
[EventCountry "GER"]
[SourceTitle "CBM 184 Extra"]
[Source "ChessBase"]
[SourceDate "2018.06.28"]
[SourceVersion "1"]
[SourceVersionDate "2018.06.28"]
[SourceQuality "1"]

1. d4 d5 2. c4 e6 3. Nc3 Nf6 4. Nf3 c5 5. cxd5 Nxd5 6. Nxd5 exd5 7. dxc5 Bxc5 8. g3 Qb6 9. e3 Be6 10. Bg2 0-0 11. 0-0 Nc6 12. b3 Rad8 13. Bb2 f6 14. Rc1 Bf7 15. Qc2 Bd6 16. Rfd1 Nb4 17. Bd4 Qa6 18. Qd2 Bg6 19. Bc3 Nd3 20. Bf1 Ba3 21. Ra1 Rc8 22. Bxd3 Bxd3 23. Qxd3 Qc6 24. Bd4 Rc7 25. Qd2 Rd8 26. Bb2 Bxb2 27. Qxb2 Rcd7 28. Nd4 Qd6 29. Rac1 Qe5 30. Qd2 Re8 31. Rc3 Rde7 32. Rdc1 Kf7 33. Rc8 h5 34. Rxe8 Rxe8 35. Qc2 Re7 36. Qf5 g6 37. Qxe5 fxe5 38. Nf3 Ke6 39. Kf1 Kd6 40. Ke2 b5 41. Nh4 Re6 42. Nf3 Rf6 43. h4 Rf8 44. Ng5 a5 45. Nf3 b4 46. Nd2 Ra8 47. e4 d4 48. Nc4+ Ke6 49. Kd3 Ra6 50. Nb2 Ke7 51. Rc5 Kd6 52. Rc8 Kd7 53. Rc5 Kd6 54. Rc8 Kd7 55. Rc5 Kd6 56. Rd5+ 1-0

[Event "GER-ch U10"]
[Site "Willingen"]
[Date "2017.06.07"]
[Round "6"]
[White "Phan Trong, Dai"]
[Black "Petzke, Julian"]
[Result "1/2-1/2"]
[WhiteElo "1392"]
[BlackElo "1279"]
[PlyCount "81"]
[EventDate "2017.06.04"]
[EventType "swiss"]
[EventRounds "11"]
[EventCountry "GER"]
[SourceTitle "CBM 178 Extra"]
[Source "ChessBase"]
[SourceDate "2017.06.22"]
[SourceVersion "1"]
[SourceVersionDate "2017.06.22"]
[SourceQuality "1"]

1. c4 e6 2. Nc3 d5 3. cxd5 exd5 4. d4 Nf6 5. g3 Bb4 6. Bg5 Be6 7. Bg2 0-0 8. Nf3 c6 9. 0-0 Nbd7 10. a3 Bd6 11. e4 dxe4 12. Nxe4 Be7 13. Nc3 Nd5 14. Bxe7 Qxe7 15. Re1 Qd8 16. Qc2 N7f6 17. Na4 Re8 18. Nc5 Rb8 19. Nxe6 Rxe6 20. Rxe6 fxe6 21. Re1 Qd7 22. Bh3 Re8 23. Qe2 Nc7 24. Qe5 h6 25. Nd2 Nh7 26. Ne4 Nf8 27. Nc5 Qc8 28. Nd3 Nd5 29. Nf4 Nxf4 30. gxf4 Kf7 31. Qh5+ Ng6 32. f5 exf5 33. Rxe8 Qxe8 34. Bxf5 Kf6 35. Bxg6 Qxg6+ 36. Qxg6+ Kxg6 37. Kg2 Kf5 38. Kf3 b6 39. b4 b5 40. h3 g5 41. Ke3 1/2-1/2

[Event "GER-ch U10"]
[Site "Willingen"]
[Date "2017.06.06"]
[Round "5"]
[White "Bakiev, Diyor"]
[Black "Phan Trong, Dai"]
[Result "1/2-1/2"]
[WhiteElo "1111"]
[BlackElo "1392"]
[PlyCount "71"]
[EventDate "2017.06.04"]
[EventType "swiss"]
[EventRounds "11"]
[EventCountry "GER"]
[SourceTitle "CBM 178 Extra"]
[Source "ChessBase"]
[SourceDate "2017.06.22"]
[SourceVersion "1"]
[SourceVersionDate "2017.06.22"]
[SourceQuality "1"]

1. e4 e5 2. Nf3 Nc6 3. Bc4 Bc5 4. c3 Nf6 5. d4 exd4 6. e5 Qe7 7. 0-0 dxc3 8. exf6 Qxf6 9. Re1+ Ne7 10. Nxc3 0-0 11. Bg5 Qb6 12. Qc2 Ng6 13. Nd5 Qc6 14. Be7 Bxe7 15. Nxe7+ Nxe7 16. Rxe7 d5 17. Bd3 Qxc2 18. Bxc2 c6 19. b4 Rb8 20. Rae1 Be6 21. Nd4 Rfe8 22. Rxe8+ Rxe8 23. f4 g6 24. f5 gxf5 25. Bxf5 Bd7 26. Rxe8+ Bxe8 27. Bc8 b6 28. Nb3 Kf8 29. Kf2 Ke7 30. Bf5 h6 31. Ke3 Kd6 32. Kd4 f6 33. g4 Bf7 34. h4 Be8 35. h5 Bf7 36. a3 1/2-1/2

[Event "GER-chT U10"]
[Site "Magdeburg"]
[Date "2016.12.27"]
[Round "2.2"]
[White "Phan Trong, Dai"]
[Black "Gorodezki, Andrey"]
[Result "1-0"]
[WhiteElo "1348"]
[BlackElo "1085"]
[PlyCount "47"]
[EventDate "2016.12.27"]
[EventType "team-swiss"]
[EventRounds "7"]
[EventCountry "GER"]
[SourceTitle "EXT 2018"]
[Source "ChessBase"]
[SourceDate "2017.10.13"]
[SourceVersion "1"]
[SourceVersionDate "2017.10.13"]
[SourceQuality "1"]
[WhiteTeam "Dresden Leuben"]
[BlackTeam "Berlin Schachpinguine"]
[WhiteTeamCountry "GER"]
[BlackTeamCountry "GER"]

1. d4 d5 2. c4 Nf6 3. cxd5 Nxd5 4. e4 Nb6 5. Nc3 e6 6. Nf3 c5 7. Be3 N8d7 8. Bb5 Qc7 9. Bxd7+ Bxd7 10. Ne5 Bc6 11. dxc5 Qxe5 12. cxb6 axb6 13. Bd4 Qf4 14. Bxb6 Bb4 15. 0-0 Bd6 16. g3 Qe5 17. Bd4 Qg5 18. Bxg7 Qxg7 19. Qxd6 Rd8 20. Qc7 Qh6 21. Rad1 Rd7 22. Qc8+ Ke7 23. Rxd7+ Bxd7 24. Qxh8 1-0